000 00452nam a2200181Ia 4500
008 200130s9999||||xx |||||||||||||| ||und||
020 _c2.5
040 _aMAIN
041 _aEnglish
082 _a540
_bTUL
100 _aTuli,G D
245 0 _aLanguage of Chemistry or chemical Equations and how to master them
260 _c1977
_bS Chand & Company Ltd.
_aNewDelhi
300 _a101
_bPBB
650 _aChemistry
700 _aSoni,P L
942 _cBK
999 _c272
_d272